000 00693cam a2200241Ia 4500
020 _a0930829549
040 _cTEF
082 0 4 _a720 DCD 2005 C149 Or.
100 1 _aDollens, Dennis
245 1 0 _aDigital-botanic architecture /
246 1 3 _aD-B-A
246 3 _aDBA
260 _aSanta Fe :
_bSITES Books ;
_aSt. Paul, MN :
_bDistributed by Consortium Book Sales and Distribution,
_cc2005
300 _a96 p. :
_bill. ;
_c22 cm
650 0 _aArchitecture
650 0 _aMorphology
650 0 _aStructural design
650 0 _aArchitectural design
650 0 _aBotany in art
650 0 _aComputer-aided design
650 0 _aDecoration and ornament, Architectural
942 _cAEDBB
999 _c18642
_d18642